|
|
|
|
| LEADER |
00000nam a2200000 a 4500 |
| 001 |
vtls001349884 |
| 003 |
SK-MaSNL |
| 005 |
20260301010323.0 |
| 008 |
240318s1962 xr o 0 100 cze |
| 035 |
|
|
|a SNK000303208
|
| 040 |
|
|
|a SNK
|b slo
|c SNK
|e AACR2
|
| 041 |
|
|
|a cze
|
| 044 |
|
|
|a xr
|c CZ
|
| 080 |
|
|
|a 392.3/.5(091)
|2 2001
|
| 080 |
|
|
|a 347.61(100)(091)
|2 2001
|
| 080 |
|
|
|a 173
|2 2001
|
| 100 |
1 |
|
|a Klabouch, Jiří,
|d 1927-
|4 aut
|9 110778
|
| 245 |
1 |
0 |
|a Manželství a rodina v minulosti
|c Jiří Klabouch ; obálka Valdemar Ungermann
|
| 250 |
|
|
|a 1. vyd.
|
| 260 |
|
|
|a Praha
|b Orbis
|c 1962
|e Praha
|f Knihtisk
|
| 300 |
|
|
|a 281, [2] s.
|b Fotogr.
|c 20 cm
|e 20 s. obr. príl.
|
| 504 |
|
|
|a Bibliogr. odkazy. Reg.
|
| 506 |
|
|
|a 7000 výtl.
|
| 650 |
0 |
7 |
|a manželstvo
|2 SNKPH
|9 659
|
| 650 |
0 |
7 |
|a rodina
|2 SNKPH
|9 4138
|
| 650 |
0 |
7 |
|a dejiny
|2 SNKPH
|9 3825
|
| 700 |
1 |
|
|a Ungermann, Valdemar
|4 bjd
|9 291956
|
| 999 |
|
|
|c 547764
|d 549694
|
| 952 |
|
|
|a SNK
|b SNKPULT
|y VYP
|7 0
|p 17A0167017
|o snkID 31914
|i snkKIP 7403/62
|0 0
|1 0
|4 0
|d 1998-12-01
|l 1
|m 2
|q 2026-05-18
|r 2026-02-28 18:55:48
|s 2026-02-28
|w 2026-02-23
|
| 952 |
|
|
|a SNK
|b SNK
|y NEVYP
|7 0
|p 17A0196367
|o snkID 31914 D1
|0 0
|1 1
|4 0
|d 1999-06-05
|l 0
|r 2005-01-02 00:00:00
|w 2026-02-23
|